Los hermanos Karamazov ; Crimen y castigo ; Stepanchikovo y sus habitantes ; El Jugador / Fiedor Mikailovich Dostoyevsky ; [traducción por J. Zambrano Barragán]. (Registro nro. 22154)
[ vista simple ]
| 000 -LEADER | |
|---|---|
| campo de control de longitud fija | 00653nam a2200181 i 4500 |
| 001 - NÚMERO DE CONTROL | |
| campo de control | 22154 |
| 003 - IDENTIFICADOR DE NÚMERO DE CONTROL | |
| campo de control | ES-MaACL |
| 005 - FECHA Y HORA DE LA ÚLTIMA TRANSACCIÓN | |
| campo de control | 20251019063037.0 |
| 007 - CAMPO FIJO DE DESCRIPCIÓN FÍSICA--INFORMACIÓN GENERAL | |
| campo de control de longitud fija | t| |
| 008 - DATOS DE LONGITUD FIJA--INFORMACIÓN GENERAL | |
| campo de control de longitud fija | 181210s1960 sp ||||1| spa d |
| 100 1# - ENTRADA PRINCIPAL--NOMBRE DE PERSONA | |
| Nombre de persona | Dostoievski, Fiódor, |
| Fechas asociadas al nombre | 1821-1881 |
| 9 (RLIN) | 242371 |
| 245 14 - MENCIÓN DEL TÍTULO | |
| Título | Los hermanos Karamazov ; Crimen y castigo ; Stepanchikovo y sus habitantes ; El Jugador / Fiedor Mikailovich Dostoyevsky ; [traducción por J. Zambrano Barragán]. |
| 260 ## - PUBLICACIÓN, DISTRIBUCIÓN, ETC. | |
| Lugar de publicación, distribución, etc. | Madrid : |
| Nombre del editor, distribuidor, etc. | F.D.A.F., |
| Fecha de publicación, distribución, etc. | [1960] |
| 300 ## - DESCRIPCIÓN FÍSICA | |
| Extensión | 1954 p. : |
| Otras características físicas | 1 lám. retr. aut. ; |
| Dimensiones | 18 cm. |
| 700 0# - ENTRADA AGREGADA--NOMBRE PERSONAL | |
| Nombre de persona | Zambrano Barragán, J. |
| 9 (RLIN) | 117920 |
| 852 ## - LOCALIZACIÓN | |
| Ubicación | ES-MaACL |
| Número de control de estantería | B-10115 |
| Estatus retirado | Estado de pérdida | Estado de daño | No para préstamo | Biblioteca de origen | Biblioteca actual | Ubicación en estantería | Fecha de adquisición | Fuente de adquisición | Total de préstamos | Signatura topográfica completa | Código de barras | Visto por última vez | Precio de reemplazo | Tipo de ítem Koha |
|---|---|---|---|---|---|---|---|---|---|---|---|---|---|---|
| Biblioteca del Ateneo de Madrid | Biblioteca del Ateneo de Madrid | Sala Pardo Bazán | 10/12/2018 | B-10115 | 1199397 | 23/02/2023 | 23/02/2023 | Libro impreso |
